Most Streamed Linkin Park Songs - Statistics

General Stats
  • This quiz has been taken 255 times
    32 since last reset
  • The average score is 13 of 20
Answer Stats
# Streams Answer % Correct
5 1,277,574,878 Faint
100%
1 3,067,959,744 In The End
100%
2 2,660,330,367 Numb
100%
4 1,278,094,857 Numb / Encore
100%
3 1,362,838,261 What I've Done
91%
8 911,121,241 Crawling
77%
6 1,172,633,067 One Step Closer
73%
7 1,012,357,773 Somewhere I Belong
68%
11 790,838,041 Papercut
59%
13 663,100,898 Breaking The Habit
55%
12 705,048,136 BURN IT DOWN
55%
17 477,563,227 New Divide
55%
10 809,792,806 The Emptiness Machine
55%
18 474,057,109 Lying from You
50%
15 539,543,111 One More Light
50%
9 905,116,936 Bleed it Out
45%
14 553,352,954 Given Up
45%
19 433,002,381 Heavy Is the Crown
45%
16 533,700,229 CASTLE OF GLASS
41%
20 410,823,614 Leave Out All The Rest
27%
No matching quizzes found
Score Distribution
Percent of People with Each Score
Percentile by Number Answered
Your Score History
You have not taken this quiz since the last reset